Phân tích hiện trạng nghèo đói ở Đồng bằng Sông Cửu Long

Nghiên cứu nhấn mạnh sự gia tăng cách biệt giữa các cộng đồng dân cư trong vùng Đồng bằng Sông Cửu Long và xu hướng hình thành các nhóm nghèo với các đặc điểm nghèo giống nhau. Nghiên cứu cho thấy người dân nơi đây dễ rơi vào cảnh nghè...

全面介绍

Đã lưu trong:
书目详细资料
企业作者: AusAID
格式: 图书
语言:Undetermined
出版: Hà Nội Y học 2004
主题:
标签: 添加标签
没有标签, 成为第一个标记此记录!
Thư viện lưu trữ: Trung tâm Học liệu Trường Đại học Cần Thơ
LEADER 01221nam a2200205Ia 4500
001 CTU_98110
008 210402s9999 xx 000 0 und d
082 |a 362.5 
082 |b A932 
110 |a AusAID 
245 0 |a Phân tích hiện trạng nghèo đói ở Đồng bằng Sông Cửu Long 
245 0 |c AusAID 
260 |a Hà Nội 
260 |b Y học 
260 |c 2004 
520 |a Nghiên cứu nhấn mạnh sự gia tăng cách biệt giữa các cộng đồng dân cư trong vùng Đồng bằng Sông Cửu Long và xu hướng hình thành các nhóm nghèo với các đặc điểm nghèo giống nhau. Nghiên cứu cho thấy người dân nơi đây dễ rơi vào cảnh nghèo đói hơn nếu không có đất hoặc có ít đất canh tác, sống trong vùng nông thôn, lệ thuộc vào công việc không ổn định, hoặc thuộc nhóm dân tộc Khmer hoặc là nữ. 
650 |a Poverty,Nghèo đói,Việt Nam 
650 |x Khía cạnh kinh tế xã hội 
904 |i Minh 
980 |a Trung tâm Học liệu Trường Đại học Cần Thơ